Вращение и приливные деформации Земли: республиканский межведомственный сборник научных трудов

Dettagli Bibliografici
Ente Autore: Академия наук Украинской ССР (АН УССР) Институт геофизики им. С. И. Субботина (ИГФ) Полтавская гравиметрическая обсерватория (ПГО)
Lingua:russo
Pubblicazione: Киев, Наукова думка, 1970-1984
Natura: MixedMaterials Libro
KOHA link:https://koha.lib.tpu.ru/cgi-bin/koha/opac-detail.pl?biblionumber=171732

MARC

LEADER 00000nam1a2200000 4500
001 171732
005 20231031164046.0
035 |a (RuTPU)RU\TPU\book\186198 
035 |a RU\TPU\book\308175 
090 |a 171732 
100 |a 20150212d1970 k y0rusy5003 ca 
101 0 |a rus 
200 1 |a Вращение и приливные деформации Земли  |e республиканский межведомственный сборник научных трудов  |f Академия наук Украинской ССР (АН УССР), Институт геофизики им. С. И. Субботина (ИГФ), Полтавская гравиметрическая обсерватория (ПГО) 
210 |a Киев  |c Наукова думка  |d 1970-1984 
305 |a Изд. выходит с 1970 г. 
712 0 2 |a Академия наук Украинской ССР (АН УССР)  |b Институт геофизики им. С. И. Субботина (ИГФ)  |b Полтавская гравиметрическая обсерватория (ПГО)  |2 stltpush  |3 (RuTPU)RU\TPU\col\19255 
801 1 |a RU  |b 63413507  |c 20091208 
801 2 |a RU  |b 63413507  |c 20171009  |g RCR 
942 |c BK